Интеллектуальный капитал. Новый источник богатства организаций: пер. с англ.

Manylion Llyfryddiaeth
Prif Awdur: Стюарт Т. А. Томас
Crynodeb:Информация и знания — термоядерное оружие в конкурентной борьбе нашего времени. Томас Стюарт, один из идеологов интеллектуального капитала, объясняет, как идеи, знания, информация становятся стратегическим товаром и основой новых рынков; как превратить идеи компании в интеллектуальный капитал компании, приносящий реальные прибыли; как правильно оценивать стоимость интеллектуального капитала; как определяется эффективность интеллектуального капитала. Посвященная этим и другим вопросам и ответам книга Томаса Стюарта стала для многих учебником по проблемам новой экономики.
Iaith:Rwseg
Cyhoeddwyd: Москва, Поколение, 2007
Pynciau:
Fformat: Llyfr
KOHA link:https://koha.lib.tpu.ru/cgi-bin/koha/opac-detail.pl?biblionumber=114444

MARC

LEADER 00000nam0a2200000 4500
001 114444
005 20231031122245.0
010 |a 9785976300101 
035 |a (RuTPU)RU\TPU\book\123749 
090 |a 114444 
100 |a 20070423d2007 km y0rusy50 ca 
101 1 |a rus  |c eng 
102 |a RU 
105 |a y z 001zy 
200 1 |a Интеллектуальный капитал. Новый источник богатства организаций  |e пер. с англ.  |f Т. А. Стюарт 
210 |a Москва  |c Поколение  |d 2007 
215 |a 368 с. 
320 |a Библиография в примечаниях. 
330 |a Информация и знания — термоядерное оружие в конкурентной борьбе нашего времени. Томас Стюарт, один из идеологов интеллектуального капитала, объясняет, как идеи, знания, информация становятся стратегическим товаром и основой новых рынков; как превратить идеи компании в интеллектуальный капитал компании, приносящий реальные прибыли; как правильно оценивать стоимость интеллектуального капитала; как определяется эффективность интеллектуального капитала. Посвященная этим и другим вопросам и ответам книга Томаса Стюарта стала для многих учебником по проблемам новой экономики. 
610 1 |a экономика 
610 1 |a наука 
610 1 |a инновации 
610 1 |a информация 
610 1 |a информационная сеть 
610 1 |a знания 
610 1 |a интеллектуальные организации 
610 1 |a интеллектуальный капитал 
686 |a У80-55  |v LBC/SL-A  |2 rubbk 
700 1 |a Стюарт  |b Т. А.  |g Томас 
801 1 |a RU  |b 63413507  |c 20070423  |g PSBO 
801 2 |a RU  |b 63413507  |c 20120703  |g PSBO 
900 |a Связи с общественностью в экономике и бизнесе 
942 |c BK